Central Library OPAC University of Rajshahi

New historicism and cultural materialism : (Record no. 62248)

MARC details
000 -LEADER
fixed length control field 00845nam a2200277 a 4500
001 - CONTROL NUMBER
control field 62248
003 - CONTROL NUMBER IDENTIFIER
rucl marc code BD-RjUL
005 - DATE AND TIME OF LATEST TRANSACTION
control field 20211209081047.0
008 - FIXED-LENGTH DATA ELEMENTS--GENERAL INFORMATION
fixed length control field 170123s1996 enk 001 0 eng d
020 ## - INTERNATIONAL STANDARD BOOK NUMBER
International Standard Book Number 0340663073 hbk
International Standard Book Number 0340614587 pbk
035 ## - SYSTEM CONTROL NUMBER
System control number (BD-RjUL)62374
040 ## - CATALOGING SOURCE
Original cataloging agency BD-RjUL
Language of cataloging eng
Transcribing agency BD-RjUL
Modifying agency BD-RjUL
041 ## - LANGUAGE CODE
Language code of text/sound track or separate title eng
082 0# - DEWEY DECIMAL CLASSIFICATION NUMBER
Classification number 801.95
Edition number 23
Author mark and year NEW 1996
245 00 - TITLE STATEMENT
Title New historicism and cultural materialism :
Remainder of title a reader /
Statement of responsibility, etc. edited by Kiernan Ryan.
260 ## - PUBLICATION, DISTRIBUTION, ETC. (IMPRINT)
Place of publication, distribution, etc. London :
Name of publisher, distributor, etc. Arnold,
Date of publication, distribution, etc. 1996.
300 ## - PHYSICAL DESCRIPTION
Pagination xviii, 214 p ;
Size 25 cm.
504 ## - BIBLIOGRAPHY, ETC. NOTE
Bibliography, etc Includes bibliography (p.183-205) and index.
650 #0 - SUBJECT ADDED ENTRY--TOPICAL TERM
Topical term or geographic name as entry element Criticism.
9 (RLIN) 170811
Topical term or geographic name as entry element Historicism.
9 (RLIN) 185160
Topical term or geographic name as entry element Marxist criticism.
9 (RLIN) 185161
Topical term or geographic name as entry element Materialism in literature.
9 (RLIN) 185162
700 1# - ADDED ENTRY--PERSONAL NAME
Personal name Ryan, Kiernan,
Dates associated with a name 1950-
942 ## - ADDED ENTRY ELEMENTS (KOHA)
Source of classification or shelving scheme Dewey Decimal Classification
Koha item type Books
Holdings
Lost status Source of classification or shelving scheme Damaged status Not for loan Collection code Permanent Location Current Location Shelving location Date acquired Source of acquisition Cost, normal purchase price Total Checkouts Full call number Date last seen Copy number Koha item type
  Dewey Decimal Classification   Not For Loan Non-fiction Central Library, University of Rajshahi Central Library, University of Rajshahi Reading Room 30/05/2009 Dhaka, Ahsamia mission dis. : house 74.40   801.95 NEW 1996 23/01/2017 C-1 Books